From evidence to action : twenty years of IOM child trafficking data to inform policy and programming /

Bibliographic Details
Corporate Author: International Organization for Migration (IOM)
Format: Book
Language:English
Published: Switzerland : International Organization for Migration, 2023.
Subjects:
Online Access:Full text available on IOM Publications
Classic Catalogue: View this record in Classic Catalogue
LEADER 01390nam a22002537a 4500
001 45172
003 BD-DhAAL
005 20251224215528.0
008 251224t2023 sz a|||| |||| 00| 0 eng d
020 |a 9789292686185 
040 |a BD-DhAAL  |d BD-DhAAL 
082 |a 364.1551  |2 23 
245 |a From evidence to action :   |b twenty years of IOM child trafficking data to inform policy and programming / 
260 |a Switzerland :  |b International Organization for Migration,  |c 2023. 
300 |a xii, 70 pages :  |b illustrations ;  |c 30 cm 
504 |a Includes bibliographical references  
541 |a Donated by K. Shamsuddin Mahmood (Professor and Dean School of Law) BRAC University  |e 45172 
650 |a Child trafficking  |x Prevention.  |9 59999 
710 |a International Organization for Migration (IOM).  |9 60003 
852 |a Ayesha Abed Library 
856 |z Full text available on IOM Publications  |u https://publications.iom.int/system/files/pdf/PUB2023-021-EL-From-Evidence-to-Action_0_0.pdf 
942 |2 ddc  |c BK 
999 |c 47685  |d 47685 
952 |0 0  |1 0  |2 ddc  |4 0  |6 364_155100000000000_FRO  |7 0  |8 RPT  |9 78646  |a BRACUL  |b BRACUL  |c REF  |d 2025-12-24  |e Donated by K. Shamsuddin Mahmood (Professor and Dean School of Law) BRAC University  |l 0  |o 364.1551 FRO  |p 3010045172  |r 2025-12-24  |t 1  |w 2025-12-24  |y BK  |x Donated copy received from K. Shamsuddin Mahmood (Professor and Dean School of Law) BRAC University on 8 December 2025